Le programme renforcé de la banque mondiale pour la lutte contre le paludisme en Afrique
The World Bank approaches malaria not only as a major public health issue but also as a broader development problem that costs Africa US
Αποθηκεύτηκε σε:
| Συγγραφή απο Οργανισμό/Αρχή: | |
|---|---|
| Μορφή: | Βιβλίο |
| Γλώσσα: | Undetermined |
| Έκδοση: |
Washington, DC
The World Bank
2009
|
| Θέματα: | |
| Ετικέτες: |
Προσθήκη ετικέτας
Δεν υπάρχουν, Καταχωρήστε ετικέτα πρώτοι!
|
| Thư viện lưu trữ: | Trung tâm Học liệu Trường Đại học Cần Thơ |
|---|
| LEADER | 01318nam a2200205Ia 4500 | ||
|---|---|---|---|
| 001 | CTU_211259 | ||
| 008 | 210402s9999 xx 000 0 und d | ||
| 082 | |a 616.9362 | ||
| 082 | |b W927 | ||
| 110 | |a The World Bank | ||
| 245 | 0 | |a Le programme renforcé de la banque mondiale pour la lutte contre le paludisme en Afrique | |
| 245 | 4 | |c The World Bank | |
| 260 | |a Washington, DC | ||
| 260 | |b The World Bank | ||
| 260 | |c 2009 | ||
| 520 | |a The World Bank approaches malaria not only as a major public health issue but also as a broader development problem that costs Africa US |1 2 billion a year and helps keep families and communities in poverty. In 2005, the World Bank reaffirmed its commitment to malaria control by launching the Booster Program for Malaria Control in Africa, a 10-year initiative that in its first three years committed over US |4 70 million to malaria control on the continent. Focusing on a two-pronged approach of combining disease control interventions and health systems strengthening, the program has contributed significantly to the global effort to fight the disease. | ||
| 650 | |a Malaria,Communicable diseases,Sốt rét,Bệnh truyền nhiễm | ||
| 650 | |z Africa,Africa,Châu Phi,Châu Phi | ||
| 904 | |i Qhieu | ||
| 980 | |a Trung tâm Học liệu Trường Đại học Cần Thơ | ||